El juicio de los templarios /
Historia del juicio que el tribunal de la Santa Inquisición siguió a partir de octubre de 1307 en contra de la Orden del Temple, en Francia. De esta manera se inició el fin de los templarios, institución religiosa y militar creada en Tierra Santa en 1119 y que gozara durante dos siglos de grandes pr...
Збережено в:
| Автор: | |
|---|---|
| Формат: | Книга |
| Мова: | Іспанська |
| Опубліковано: |
Madrid, España :
Universidad Complutense de Madrid,
1999, c1999
|
| Серія: | (La Mirada de la Historia)
|
| Предмети: | |
| Теги: |
Немає тегів, Будьте першим, хто поставить тег для цього запису!
|
MARC
| LEADER | 00000nam^a2200000^a^4500 | ||
|---|---|---|---|
| 001 | 000142123 | ||
| 005 | 20250521000000.0 | ||
| 009 | 20260310095639.362 | ||
| 020 | |a 84-89784-76-0 | ||
| 037 | |a Acervo ITESO - Biblioteca | ||
| 041 | |a ESP | ||
| 082 | |a 255. 7913 |b BAR | ||
| 100 | |a Barber, Malcolm |e (autor) | ||
| 245 | 1 | 3 | |a El juicio de los templarios / |c M. Barber ; tr. por Teresa Garín Sanz de Bremond. |
| 264 | 4 | |a Madrid, España : |b Universidad Complutense de Madrid, |c 1999, c1999 | |
| 300 | |a XVIII, 437 p. | ||
| 336 | |a texto |b txt |2 rdacontenido | ||
| 337 | |a sin mediación |b n |2 rdamedio | ||
| 338 | |a volumen |b nc |2 rdasoporte | ||
| 440 | 4 | |a (La Mirada de la Historia) | |
| 500 | |a Traducción de: The Trial of the Templars | ||
| 520 | |a Historia del juicio que el tribunal de la Santa Inquisición siguió a partir de octubre de 1307 en contra de la Orden del Temple, en Francia. De esta manera se inició el fin de los templarios, institución religiosa y militar creada en Tierra Santa en 1119 y que gozara durante dos siglos de grandes privilegios eclesiásticos y jurídicos. | ||
| 649 | |a XX | ||
| 650 | |a Templarios | ||
| 650 | |a Ordenes Religiosas Militares - |z Europa - |x Historia - |y 476-1492 | ||
| 650 | |a Caballería (Cuerpo de Nobleza) - |z Europa - |x Historia - |y 476-1492 | ||
| 650 | |a Monasticismo y Ordenes Religiosas - |z Europa - |x Historia - |y 476-1492 | ||
| 650 | |a Vida Monástica y Religiosa - |z Europa - |x Historia - |y 476-1492 | ||
| 650 | |a Cruzadas - |x Historia | ||
| 650 | |a Inquisición - |z Europa - |x Historia - |y 476-1492 | ||
| 650 | |a Tribunales Eclesiásticos - |z Europa - |x Historia - |y 476-1492 | ||
| 650 | |a Cortes - |z Europa - |x Historia - |y 476-1492 | ||
| 650 | |a Iglesia - |x Historia - |y Edad Media | ||
| 650 | |a Catolicismo - |z Europa - |x Historia - |y 476-1492 | ||
| 650 | |a Cristianismo - |z Europa - |x Historia - |y 476-1492 | ||
| 650 | |a Religión - |z Europa - |x Historia | ||
| 650 | |a Derecho Eclesiástico - |z Europa - |x Historia - |y 476-1492 | ||
| 650 | |a Edad Media - |x Historia | ||
| 650 | |a Europa - |x Historia - |y 476-1492 | ||
| 910 | |a Fondo General | ||
| 920 | |a Impresos - Libros | ||
| 930 | |a Colección General | ||
| 905 | |a 101 | ||
| 901 | |a 0500070741 |b IT1 |c ACC |u 20250521 | ||
| 902 | |a https://opac.biblio.iteso.mx/vufind/Record/000142123 | ||